00564nam a2200181Ia 450000500170000000800460001703700120006304000210007504100130009608400190010910000320012824500240016026000470018430000090023194200190024099900210025995201020028020250508152852.0008 250505s9999 xx 000 0 eng d aTextual aFEDL bengcFEDL aeng2eng a821, CHAqFEDL aChattopadhyaya Harindranath 0aMasks and farewells aBombay, IndiabAsia Publishing Housec1961 a61p. cTEXLh821, CHA c1339296d1339296 00104070aFEDLbFEDLd2025-05-08l0o821, CHApEL0021700r2025-05-08 15:28:52w2025-05-08yTEXL